00571nam a2200181Ia 450000500170000000800410001702000150005808200130007324500970008626000410018330000170022465000130024165000210025465000280027570000230030370000360032670000270036220240814023807.0240331s9999 xx 000 0 und d a0521786967 a401bTHE 4aThe evolutionary emergence of language :bSocial function and the origins of linguistic form aUKbCambridge university pressc2000 axi, 426 p ., aLanguage aHuman Evaluation aLinguistic Anthropology aKnight, Chriseedt aKennedy- Studdert, Michaeleedt aHurford, R. Jameseedt